Improving workplace safety standards (Record no. 69430)
[ view plain ]
| 000 -LEADER | |
|---|---|
| fixed length control field | 00945cam a2200169 4500 |
| 001 - CONTROL NUMBER | |
| control field | WB3805-13 |
| 008 - FIXED-LENGTH DATA ELEMENTS--GENERAL INFORMATION | |
| fixed length control field | 020205n2002 000 0 eng u |
| 035 ## - SYSTEM CONTROL NUMBER | |
| System control number | (Sirsi) u116603 |
| 245 ## - TITLE STATEMENT | |
| Title | Improving workplace safety standards |
| 260 ## - PUBLICATION, DISTRIBUTION, ETC. | |
| Date of publication, distribution, etc. | 2002 |
| 490 ## - SERIES STATEMENT | |
| Series statement | TUC Press Release |
| Volume/sequential designation | 30 January 2002, (6) |
| 520 ## - SUMMARY, ETC. | |
| Summary, etc. | The TUC has joined forces with the Campaign for Corporate Accountability to launch, on the 30 January 2002, a campaign to improve safety standards in the workplace. Amongst proposals are legally binding safety duties upon individual company directors, a new law on corporate killing, a substantial increase in the number of health and safety inspectors, and higher fines and more innovative penalties for breaches of health and safety law. Centre for Corporate Accountability Website http://www.corporateaccountability.org |
| 590 ## - LOCAL NOTE (RLIN) | |
| Local note | WB |
| 650 ## - SUBJECT ADDED ENTRY--TOPICAL TERM | |
| Topical term or geographic name entry element | WORKPLACE ACCIDENTS |
| 690 ## - LOCAL SUBJECT ADDED ENTRY--TOPICAL TERM (OCLC, RLIN) | |
| Topical term or geographic name as entry element | Health and safety |
| 9 (RLIN) | 6244 |
| 942 ## - ADDED ENTRY ELEMENTS (KOHA) | |
| Suppress in OPAC | 0 |
| Withdrawn status | Lost status | Source of classification or shelving scheme | Damaged status | Not for loan | Home library | Current library | Shelving location | Date acquired | Total Checkouts | Full call number | Barcode | Date last seen | Copy number | Price effective from | Koha item type |
|---|---|---|---|---|---|---|---|---|---|---|---|---|---|---|---|
| Dewey Decimal Classification | London | London | News article | 05/02/2002 | WB3805-13 | 116603-1001 | 06/08/2019 | 1 | 06/08/2019 | News article |